000 00442nam a2200193Ia 4500
005 20250923145300.0
008 008 250917s9999 xx 000 0 eng d
037 _aPeriodicals
040 _aDSWL
_beng
_cDSWL
041 _aeng
_2eng
084 _qDSWL
245 0 _aHuman Relations
260 _aLondon
_bPlenum Press
_c1972
365 _aUSD
_b25
490 _vVol.25
925 _g25
942 _cCR
999 _c1449433
_d1449433